| 000 | 01313cam a2200289 i 4500 | ||
|---|---|---|---|
| 003 | SA-RiAUC | ||
| 005 | 20241110133507.0 | ||
| 008 | 241109s1997 su g 000 0 ara c | ||
| 040 |
_aSA-JeALM _bara _cSA-RiAUC _erda |
||
| 082 | 0 | 4 | _a212.2 |
| 090 |
_a212.2 _b ق ب ا |
||
| 100 | 1 |
_aالقباب، أحمد بن قاسم بن عبد الرحمن، _d724-778 هجري _eمؤلف. |
|
| 245 | 1 | 0 |
_aمختصر كتاب النظر في أحكام النظر بحاسة البصر لابن قطان / _cأبو العباس أحمد القباب الفاسي ؛ دراسة وتحقيق محمد أبو الأجفان. |
| 250 | _aالطبعة الأولى. | ||
| 264 | 1 |
_aالرياض : _bمكتبة التوبة، _c1997 |
|
| 300 |
_a295 صفحة ؛ _c24 سم |
||
| 336 |
_aنص _btxt _2rdacontent _3كتاب |
||
| 337 |
_aبدون وسيط _bn _2rdamedia |
||
| 338 |
_aمجلد _bnc _2rdacarrier |
||
| 650 | 7 |
_aغض البصر _2aucsh |
|
| 650 | 7 |
_aالأخلاق الإسلامية _2aucsh |
|
| 700 | 1 |
_aأبو الأجفان، محمد، _d1936-2006 _eمحقق. |
|
| 700 | 1 | 2 |
_aابن القطان، علي بن محمد بن عبد الملك، _d562-628 هجري |
| 740 | 2 | 2 | _aالنظر في أحكام النظر بحاسة البصر. |
| 942 |
_2ddc _cBOOK _n0 |
||
| 949 |
_aSA-JeALM _d241109 _umohamedma123 _n1 |
||
| 999 |
_c2248 _d2248 |
||